Responses for Show #4049 - Thursday, March 21, 2002

(Gaetano the Illusionist: Yah! Ahh!)
(Sofia: You never know what'll appear on Jeopardy!--next.)

Contestants

[<< previous game]

Adam Brosius, an environmental consultant from Fort Lauderdale, Florida

Maggie Bruen, a teacher from Hoboken, New Jersey

Bobby Padgett, an analytical chemist from Cramerton, North Carolina (whose 1-day cash winnings total $19,000)

[next game >>]

Jeopardy! Round responses

LOST IN YONKERS
COME BLOW YOUR HORN
BEAR FOOT IN THE PARK
THE "ODD" COUPLE
FELIX
OSCAR
    $200 11
Hello, Dolly!

Maggie
    $200 26
a tuba

Maggie
    $200 6
your food

Bobby
    $200 1
a toddler

Bobby
    $200 16
Felix the Cat

Bobby
    $200 21
Traffic

Bobby
    $400 12
(Adam: What is tennis?)
(Bobby: What is baseball?)
(Maggie: What is rugby?)

golf

BobbyMaggieAdam
Triple Stumper
    $400 27
(Maggie: What is a tenor sax?)
(Bobby: What is a bass sax?)
(Adam: What is the alto sax?)
...
(Alex: No harm, no foul on that one.)

the baritone

BobbyMaggieAdam
Triple Stumper
    $400 7
Yogi Bear

Maggie
    $400 2
fodder

Bobby
    $400 17
(Felix) Frankfurter

Bobby
    $400 22
(Maggie: What is Plaza Suite?)

California Suite

Maggie
Triple Stumper
    $600 13
(Maggie: What is the Hudson River Parkway? [*]?

the Henry Hudson Parkway

Maggie
    $600 28
a trombone

Adam
    $600 8
(Maggie: What is Kodiak?)

the polar bear

MaggieAdam
    $600 3
shoddy

Bobby
    $600 18
Mendelssohn

Maggie
    $600 23
(Adam: What is Network?)
...
(Alex: You are correct, with a minute to go.)

One Flew Over the Cuckoo's Nest

MaggieAdam
    $1,000 14
Holland (the Netherlands)

Maggie
    $800 29
[The end-of-round signal sounds.]

a French horn

Bobby
    $800 9
Smokey the Bear

Adam
    $800 4
(Adam: ... I'm Sorry.)

to coddle

Adam
Triple Stumper
    $800 19
Felix Unger

Adam
    $800 24
(Adam: Who is Lange?)

Jessica Tandy

MaggieAdam
    $1000 15
aqueduct

Bobby
    $1000 10
Seattle

Bobby
    $1000 5
a goddess

Adam
    $1000 20
(Adam: What is LSD?)
[Laughter]

aspirin

BobbyAdam
    $1000 25
(Roberto) Benigni

Adam

Scores at the first commercial break (after clue 14):

Bobby Maggie Adam
$2,000 $1,200 $1,200

Scores at the end of the Jeopardy! Round:

Bobby Maggie Adam
$5,200 $2,600 $800

Double Jeopardy! Round responses

19th CENTURY AMERICA
FRAGILE-SOUNDING NAMES
(Alex: We want the first and the last name.)
WATCH THE BIRDIE
IT'S ONLY MONEY
BOOK NOOK
UP WORDS
    $400 1
(Alex: Yes, he defeated Adams.)

Jefferson

Adam
    $400 22
(Alex: That's right with a minute to go.)

Billy Crystal

Bobby
    $400 21
feathers

Bobby
    $400 6
a mint

Maggie
    $400 13
Misery

Bobby
    $400 11
a sky marshal

Bobby
    $800 2
Union Pacific

Maggie
    $800 23
Chynna Phillips

Bobby
    $800 27
a sapsucker

Maggie
    $800 7
a franc

Bobby
    $800 16
Dean Koontz

Bobby
    $800 12
to levitate

Adam
    $1200 3
The American Federation of Labor

Bobby
    $1200 24
Rose Fitzgerald Kennedy

Maggie
    $1200 28
the cockatoo

Adam
    $1200 8
fiscal

Bobby
    $1200 18
Rebecca

Maggie
    $1200 14
the stratosphere

Adam
    $1600 4
Susan B. Anthony

Bobby
    $1600 25
Lacey Chabert

Triple Stumper
    $1600 29
[The end-of-round signal sounds.]

a fish

Maggie
    $1600 9
to call

Triple Stumper
    $1600 19
Mambo Kings

Maggie
    $2,000 15
the Ascension

Adam
    $1,600 5
(John Jacob) Astor

Bobby
    $2000 26
(Philip) Glass

Adam
    $2000 10
postmaster general

Bobby
    $2000 20
James Cain

Triple Stumper
    $2000 17
the apex

Maggie

Scores at the end of the Double Jeopardy! Round:

Bobby Maggie Adam
$16,800 $12,200 $8,400

[wagering suggestions for these scores]

Final Jeopardy! Round responses

ASIAN CITIES
(Alex: [To Maggie] Which city did she think of? [*]--Alexander the Great. Yes.)
AdamWhat Kabul
$401
MaggieWhat is Kandahar?
$12,000
BobbyWhat is Kabul
$7,700
Kandahar

Final scores:

Bobby Maggie Adam
$9,100 $24,200 $7,999
2nd place: trip to Mexico & stay at Paradise Village New champion: $24,200 3rd place: trip to Las Vegas & stay at the Flamingo

Game dynamics:

Coryat scores:

Bobby Maggie Adam
$17,200 $12,000 $8,000
23 R
(including 1 DD),
2 W
16 R
(including 1 DD),
4 W
12 R
(including 1 DD),
6 W

Combined Coryat: $37,200

[game clues] [game scores] [suggest correction]

Game tape date: 2001-12-11
The J! Archive is created by fans, for fans. Scraping, republication, monetization, and malicious use prohibited; this site may use cookies and collect identifying information. See terms. The Jeopardy! game show and all elements thereof, including but not limited to copyright and trademark thereto, are the property of Jeopardy Productions, Inc. and are protected under law. This website is not affiliated with, sponsored by, or operated by Jeopardy Productions, Inc. Join the discussion at JBoard.tv.